00261nam a2200097Ia 4500082001500000245003400015100004700049942000700096008004100103999001900144 a822.33 SHA 0aTRAGEDIE VAN ROMEO EN JULIET  a SHAKESPEARE, William 1975 992115 cBK210817s9999 xx 000 0 und d c374602d374601